01408na a2200373 450000100060000000300080000600500170001400800410003102000180007203500100009004000250010008200260012509000250015110000170017624501480019324600210034124600850036226000240044730000420047149000260051350400200053965000400055965000430059965000410064265000330068365000430071665100500075965100470080970000210085670000220087794200130089995201070091299900150101914697MIRAKIL20181213155150.0160830b tu 000 0  a9786056163012 a14697 aMilasbturcTR-AnCHP a324.9 2015bT85s 2015 a324.9 2015 T85s 2015 aTuncer, Erol aSeçim 2015b7 Haziran 2015 milletvekili genel seçimleri sayısal ve siyasal değerlendirmecErol Tuncer, Hanife Yurtseven, Bülent Tuncer a2015 seçimleri a7 Haziran 2015milletvekili genel seçimleri sayısal ve siyasal değerlendirme aAnkarabTESAVc2015 axiv, 384 s.bgrf., hrt., tbl.c27 sm. aTESAV yayınlarıv43 aKaynakça var. aSiyasal tarihy2011-2015zTürkiye aSiyasal partilerx2011-2015zTürkiye aHükümetlerx2011-2015zTürkiye aTBMMx24. Dönemy2011-2015 aSeçimleryİstatistiklerzTürkiye aTürkiyexSeçimleryGenel seçimler, 2015 aTürkiyexSiyaset ve yönetimy2011-2015 aTuncer, Bülent aYurtseven, Hanife 2ddccBKS a0001b0001d2016-08-30e2l0o324.9 2015 T85s 2015p003032r2016-08-30 00:00:00v0.00w2016-08-30yBKS c7842d7842